Intereconomics Review of European Economic Policy

Salvato in:
Dettagli Bibliografici
Natura: Periodico
Lingua:inglese
Pubblicazione: Heidelberg Springer-Verlag
Soggetti:
Tags: Aggiungi Tag
Nessun Tag, puoi essere il primo ad aggiungerne!!

MARC

LEADER 00000nas1a22000001 4500
001 s120783
005 20250701092112.6
022 |a 0020-5346 
022 |a 1613-964X 
041 0 |a eng 
044 |a DE 
245 1 0 |a Intereconomics  |b Review of European Economic Policy 
264 1 |a Heidelberg  |b Springer-Verlag 
610 2 0 |a politika hospodárska medzinárodná 
610 2 0 |a Európa